Land pro Sekunde - Afrika - Statistiken

Allgemein
  • Dieses Quiz wurde 152 mal gespielt
  • Das Durchschnittsergebnis liegt bei 22 aus 54
Antworten auf der Karte
Die Antworten werden auf der Karte rot bzw. grün angezeigt, abhängig davon wie oft sie richtig erraten wurden.
 
Antwortstatistiken
Country % Korrekt
Algerien
83%
Ägypten
76%
Mali
73%
Sudan
73%
Marokko
72%
Tunesien
69%
Libyen
67%
Niger
66%
Demokratische Republik Kongo
65%
Republik Kongo
65%
Nigeria
58%
Togo
56%
Ghana
55%
Kenia
55%
Somalia
55%
Südsudan
54%
Tschad
54%
Benin
51%
Senegal
51%
Südafrika
48%
Gambia
46%
Eritrea
45%
Mauretanien
45%
Namibia
45%
Angola
43%
Guinea
43%
Gabun
41%
Burundi
40%
Kamerun
40%
Lesotho
40%
Madagaskar
40%
Sambia
39%
Äthiopien
35%
Ruanda
35%
Tansania
35%
Uganda
35%
Botswana
25%
Dschibuti
25%
Liberia
25%
Malawi
25%
Swasiland
24%
Simbabwe
22%
Burkina Faso
20%
Guinea-Bissau
20%
Mosambik
20%
Elfenbeinküste
17%
Kap Verde
17%
Komoren
16%
Sierra Leone
15%
Seychellen
14%
Zentralafrikanische Republik
14%
Mauritius
12%
São Tomé und Príncipe
12%
Äquatorial-Guinea
5%
Keine übereinstimmenden Quizze gefunden
Verteilung der Resultate
Anzahl Personen mit jedem Resultat
Perzentil nach korrekt beantworteten Fragen
Ihre Resultats-Entwicklung
Sie haben dieses Quiz noch nicht gespielt